000 02049nam0a2200373 4500
001 RU\NLR\bibl\1878331
005 20260409072751.0
010 _a978-5-89428-554-2
_9500
021 _aRU
_b2012-10394
_9779
035 _a(NLR Aleph) 001868121
090 _a2623746
_c2623746
100 _a20120311d2011 u y0rusy50 ca
101 0 _arus
102 _aRU
105 _ay |||||||||
200 1 _aКоммуникативная стилистика текста: лексическая регулятивность в текстовой деятельности
_eколлективная монография
_e[сборник]
_fМ-во науки и образования Рос. Федерации, Федер. гос. бюджет. образоват. учреждение высш. проф. образования "Том. гос. пед. ун-т", Каф. соврем. рус. яз. и стилистики, Лаб. рус. речевой культуры и теории текста
_g[Н.С. Болотнова и др.]
_gпод ред. проф. Н.С. Болотновой
210 _aТомск
_cИзд-во Томского государстенного педагогического университета
_d2011
215 _a492 с.
_cил.
_d21
320 _aБиблиогр.: с. 456-492
606 1 _aКоммуникативная лингвистика
_91366505
_3RU\NLR\auth\66572162
606 _aТекст (лингв.)
_91745069
_3RU\NLR\auth\661077073
606 1 _aРусский язык
_xСтилистика
_91563135
_3RU\NLR\auth\66984157
686 _aШ100.0
686 _aШ102.23
686 _aШ141.12-7
702 1 _aБолотнова
_bН. С.
_gНина Сергеевна
_4220
712 0 2 _4570
_aТомский государственный педагогический университет
_9338474
_3RU\NLR\AUTH\889921161
801 0 _aRU
_bNLR
_c20120311
_gRCR
801 1 _aRU
_bNLR
_c20120311
830 _aпо эк
942 _cBOOK
980 _aNB
980 _aNBR